000 00626nam a2200241Ia 4500
003 OSt
005 20221005093014.0
006 a|||||r|||| 00| 0
007 ta
008 221004b |||||||| |||| 00| 0 eng d
024 _a22084
037 _cTextual
040 _aCRL
_cCRL
_beng
041 _2eng
_aeng
082 _aAvM0<-H0, K1
100 _aButterfield H
245 0 _aOrigins of modern science 1300-1800
260 _aNew York
_bThe Macmillan Company USA
_c1961
300 _a242p.
_ccm.
650 _aSCIENCE
942 _hAvM0<-H0, K1
_cTEXL
_2cc
999 _c999709
_d999709